| 000 | 00797cam a22002771 4500 | ||
|---|---|---|---|
| 999 |
_c21838 _d21838 |
||
| 001 | 7975400 | ||
| 003 | BDDh-ASL | ||
| 005 | 20231015030041.0 | ||
| 008 | 740425s1962 ii 000 0 eng | ||
| 010 | _asa 63000441 | ||
| 015 | _aGB62-18554 | ||
| 035 | _a(OCoLC)869269 | ||
| 040 |
_aDLC _cOWoC _dOCoLC _dUk _dDLC _dBDDh-ASL |
||
| 042 | _apremarc | ||
| 050 | 0 | 0 |
_aKNS480 _b.B35 1962 |
| 082 |
_a327.54 _bBAI |
||
| 100 | 1 | _aBains, Joginder Singh. | |
| 245 | 1 | 0 |
_aIndia's international disputes: _ba legal study / |
| 260 |
_aBombay: _aNew York: _bAsia Pub. House, _c[1962] |
||
| 300 |
_a219 p. _c23 cm. |
||
| 651 | 0 |
_aIndia _xBoundaries. |
|
| 651 | 0 |
_aIndia _xForeign relations. |
|
| 906 |
_a7 _bcbc _coclcrpl _du _encip _f19 _gy-gencatlg |
||
| 942 |
_2ddc _cBK |
||